Osnovy sžiganija gazovovo topliva : Spravočnoje posobije /

Gespeichert in:
Bibliographische Detailangaben
1. Verfasser: Isserlin, Aleksandr Semenovič (Verfasst von)
Format: Buch
Veröffentlicht: Leningrad : Nedra, 1987
Ausgabe:2-je,per.i dop.izd.
Tags: Tag hinzufügen
Keine Tags, Fügen Sie das erste Tag hinzu!

MARC

LEADER 00000nam a22000003a 4500
001 stu20124
005 20150617225753.2
008 ------s1987----xxr---------------------d
040 |a STU  |b slo 
041 0
044 |a xxr 
080 |a 662.767 
100 1 |a Isserlin, Aleksandr Semenovič  |4 aut 
245 1 |a Osnovy sžiganija gazovovo topliva :  |b Spravočnoje posobije /  |c [aut.]Isserlin,Aleksandr Semenovič 
250 |a 2-je,per.i dop.izd. 
260 |a Leningrad :  |b Nedra,  |c 1987 
300 |a 335 s :  |b Obr.,tab.,grafy,lit 
996 |b C79390  |c C*79390  |l CCIX  |s P  |a 0  |w stu20124_0001